Implementácia faktorovej analýzy v Du Pontovej rovnici

Možnosti využitia elementárnych metód modelovania a kvantifikácie vplyvu determinujúcich činiteľov v oblasti finančno-ekonomickej analýzy ako nástroja finančného manažmentu podnikov. Matematicko-štatistické metódy vychádzajú spravidla z údajov dlhších časových radov. Slúžia predovšetkým k posúdeniu...

Descripción completa

Guardado en:
Detalles Bibliográficos
Autor principal: Jenčová, Sylvia
Otros Autores: Litavcová, Eva
Formato: Capítulo de libro
Lenguaje:eslovaco
Materias:
Etiquetas: Agregar Etiqueta
Sin Etiquetas, Sea el primero en etiquetar este registro!

MARC

LEADER 00000nla$a2200000$$$4500
001 0150541
005 20231121083514.7
041 0 |a slo 
044 |a SK 
245 1 0 |a Implementácia faktorovej analýzy v Du Pontovej rovnici  |c Sylvia Jenčová, Eva Litavcová 
520 |a Možnosti využitia elementárnych metód modelovania a kvantifikácie vplyvu determinujúcich činiteľov v oblasti finančno-ekonomickej analýzy ako nástroja finančného manažmentu podnikov. Matematicko-štatistické metódy vychádzajú spravidla z údajov dlhších časových radov. Slúžia predovšetkým k posúdeniu determinantov a faktorov vývoja a k určeniu kauzálnych závislosti a väzieb. .Pre pyramídovú sústavu ukazovateľov je typická existencia určitého základného syntetického indikátora, ktorý je postupne dekomponovaný na dielčie, analytické metriky, ktoré potom vytvárajú pyramídu s niekoľkými vetvami a niekoľkými stupňami. Na zistenie vplyvu determinizujúcich činiteľov na syntetický činiteľ existujú viaceré metódy, z ktorých najznámejšími sú metóda reťazového dosadzovania, metóda logaritmická, metóda funkcionálna a integrálna metóda. 
610 2 0 |a metódy ekonomicko-matematické 
610 2 0 |a manažment finančný 
610 2 0 |a analýza finančná 
610 2 0 |a analýza faktorová 
100 1 |a Jenčová, Sylvia 
700 1 |a Litavcová, Eva